00257nam a2200109 a 4500008004100000050001900041245002300060246001400083260003200097300000900129350000900138120416s1963 ||||||||||||||||| || u aDT 434.A35 Mbo10aFreedom and after. aTom Mboya aLondonbAndre Deutschc1963 a266p a0.00